[Event "ROM-ch U10 Girls"]
[Site "Calimanesti"]
[Date "2013.04.03"]
[Round "2"]
[White "Huruba, Teodora"]
[Black "Dumitru, Silvia Alexandra"]
[Result "0-1"]
[WhiteElo "1001"]
[BlackElo "1034"]
[PlyCount "30"]
[EventDate "2013.04.02"]
[EventType "swiss"]
[EventRounds "9"]
[EventCountry "ROU"]
[SourceTitle "CBM 153 Extra"]
[Source "ChessBase"]
[SourceDate "2013.04.22"]
[SourceVersion "1"]
[SourceVersionDate "2013.04.22"]
[SourceQuality "1"]

1. e4 e5 2. Nf3 Nc6 3. Bc4 Bc5 4. 0-0 d6 5. Nc3 Bg4 6. h3 Bh5 7. d3 Nd4 8. Nd2 Bxd1 9. Rxd1 Qg5 10. Nb3 Qg6 11. Be3 Nf3+ 12. Kf1 Bxe3 13. Ke2 Nd4+ 14. Kf1 Qf6 15. Nxd4 Qxf2# 0-1